000 00522nam a22002057a 4500
999 _c6465
_d6465
001 6465
003 BD-JhCC
005 20180208130820.0
008 180123b xxu||||| |||| 00| 0 eng d
035 _a(BD-JhCC)6465
040 _aBD-JhCC
_dBD-JhCC
041 _aeng
082 _a823.91
_bWHI 1964
100 _aWhite, Constance M.
245 _aThe Painted Elephants /
_cConstance M. White
260 _aLondon :
_bGeorge G. Harrap & Co. Ltd,
_c1964.
300 _a93 p. :
650 _aSPY Stories
942 _2ddc
_cBK